00644 2200241 4500001002100000005001700021008004100038020001800079035002400097082001400121090002400135100001700159245005900176250001000235260002900245300002900274650003500303850001500338980001300353985000600366999001500372999001500387YOGYA-0209000003504920090227024951.0 ind  a979-552-001-6 0010-020900000035049 a001.642 4 a001.642 4bPuj KlT aPUJA, Indira aKiat sukses belajar lotus 1-2-3cpenyusun Indira Pudja aCet.1 aJakartabDinastinoc1991 avii, 36 hlmbilusc20 cm aLotus 1-2-3 (Porgram komputer) aYOPDYOG(B) a27-12-06 a2 a95P0070141 a95P0070142